00460nam a2200145 a 4500008004100000020001800041050001600059100001800075245010100093260004100194300001400235650002600249650002200275700001700297170116s2014 ||||||||||||||||| || u a9781446257432 aHD 30.4 Cri aHuzzard, Tony10aCritical management research: reflections from the fieldcEdited By Emma Jeanes and Tony Huzzard aLos AngelesbSAGE Publicationsc2014 aix, 246p. 0a MANAGEMENT--RESEARCH 0aCRITICAL THINKING aJeanes, Emma